| 000 | 03629ncm a2200529 c 4500 | ||
|---|---|---|---|
| 999 |
_c298552 _d298552 |
||
| 003 | BLK | ||
| 005 | 20241011120658.0 | ||
| 008 | 180414b bul |a|er|||| |0| c|bulo| | ||
| 010 | _aNOT00000883000 | ||
| 040 | _aBLK | ||
| 041 |
_aBUL _cBUL |
||
| 080 |
_aСмесен хор _b78.087.684 _z78.087.684 |
||
| 080 |
_aОпера. Музикална драма. Романтична опера. Опера-приказка _b782.1 _z782.1 |
||
| 139 |
_aХорова христоматия _bХ 69 |
||
| 245 | 1 | 0 |
_aХорова христоматия _bТ. 1 - За том: За смесен хор със съпровод напиано _cсъстав. и ред. Георги Димитров; състав. и ред. Димитър Русков. _nТ. 2. _pХорове из опери |
| 257 | _aBGR | ||
| 260 |
_bНаука и изкуство _c1958 |
||
| 300 | _c29 см | ||
| 380 | _a7 | ||
| 505 |
_gХор из операта _rЛюбомир Панайотов Пипков; либрето Сийка Георгиева Иванова-Янчева. _tМомчил |
||
| 505 |
_gХор из операта _rМарин Петров Големинов; либрето Магда Петканова. _tИвайло |
||
| 505 |
_gХор из операта _rПарашкев Тодоров Хаджиев; либрето Иван Генов. _tЛуд гидия |
||
| 505 |
_gХор из операта _rГеорги Златев-Черкин; либрето Павел Спасов. _tБунтовна песен |
||
| 505 |
_gХор из операта _rВеселин Стоянов; либрето Крум Пенев. _tСаламбо |
||
| 505 |
_gХор из операта _rМодест Мусоргски; по Александър Сергеевич Пушкин; либрето Николай Карамзин. _tБорис Годунов |
||
| 505 |
_gХор из операта _rмузика и текст Александър Бородин. _tКняз Игор |
||
| 505 |
_gХор из операта _rИва Борилкова; либрето Александър Сергеевич Пушкин. _tРусалка |
||
| 505 |
_gХор из операта _rМихаил Иванович Глинка; либрето Георгий фон Розен. _tИван Сусанин |
||
| 505 |
_gХор из операта _rБедржих Сметана; либрето Карел Сабина. _tПродадена невеста |
||
| 505 |
_gХор из операта _rмузика и текст Рихард Вагнер. _tЛоенгрин |
||
| 505 |
_gХор из операта _rКристоф Вилибалд Глук; либрето Раниеро де Калцабиджи. _tОрфей |
||
| 505 |
_gХор из операта _rДжоакино Росини. _tВилхелм Тел |
||
| 505 |
_gХор из операта _rмузика и текст Гаетано Доницети. _tДон Паскуале |
||
| 650 | 4 |
_aХор - смесен _9315616 |
|
| 653 | _aоперни хорове | ||
| 653 | _aсмесени хорове | ||
| 700 | 1 |
_aДимитров, Георги _eсъстав. и ред. _gИванов, Георги Димитров _9364031 |
|
| 700 |
_aРусков, Димитър Желязков _d1925 - 2010 _gХоров диригент _9494000 |
||
| 760 | 1 |
_c184 с. _d1960 _h184 с. _tТ. 2. Хорове из опери |
|
| 852 |
_aЦБ М ІІ 1732 _p14 |
||
| 856 | 4 |
_qpdf _u |
|
| 856 | 4 |
_qpdf _u |
|
| 942 |
_cNOT _n0 |
||
| 944 |
_aCR _c15.06.2005 _k30560 _lГеновева Генчева |
||
| 944 |
_aED _c15.03.2007 |
||
| 999 | _d298552 | ||